Mahamoha kavya (Record no. 3741)

MARC details
000 -LEADER
fixed length control field 00521cam a2200205ua 4500
001 - CONTROL NUMBER
control field 3921
005 - DATE AND TIME OF LATEST TRANSACTION
control field 20260515113743.0
008 - FIXED-LENGTH DATA ELEMENTS--GENERAL INFORMATION
fixed length control field 111209n ii |||gr||||Z||||||asm
040 ## - CATALOGING SOURCE
Transcribing agency MAIN
082 ## - DEWEY DECIMAL CLASSIFICATION NUMBER
Classification number 782.25
100 1# - MAIN ENTRY--PERSONAL NAME
Personal name Dvija, Ramananda,
Relator term Author.
245 11 - TITLE STATEMENT
Title Mahamoha kavya
Statement of responsibility, etc. by Ramananda Dvija
250 ## - EDITION STATEMENT
Edition statement 2nd.
260 ## - PUBLICATION, DISTRIBUTION, ETC.
Place of publication, distribution, etc. Guwahati:
Name of publisher, distributor, etc. Sahitya prakash samiti,958.
300 ## - PHYSICAL DESCRIPTION
Extent 142p:
Dimensions 23cm.
653 ## - INDEX TERM--UNCONTROLLED
Uncontrolled term Assamese song
653 ## - INDEX TERM--UNCONTROLLED
Uncontrolled term Mahamoha kavya
700 1# - ADDED ENTRY--PERSONAL NAME
Personal name Baruah, Birichi Kumar,
Relator term Editor.
942 ## - ADDED ENTRY ELEMENTS (KOHA)
Koha item type Books
Holdings
Withdrawn status Lost status Damaged status Not for loan Home library Current library Shelving location Date acquired Total checkouts Full call number Barcode Date last seen Copy number Price effective from Koha item type
        Naharkatiya College Library Naharkatiya College Library General stacks 09/19/2020   782.25 | DVI 7354 09/19/2020 2 09/19/2020 Books
        Naharkatiya College Library Naharkatiya College Library General stacks 09/19/2020   782.25 | DVI 7355 09/19/2020 1 09/19/2020 Books